[Event "Norway Chess 7th"]
[Site "Stavanger"]
[Date "2019.06.04"]
[Round "1"]
[White "Carlsen, Magnus"]
[Black "Anand, Viswanathan"]
[Result "1/2-1/2"]
[WhiteElo "2875"]
[BlackElo "2767"]
[Annotator "Lupulescu,C"]
[PlyCount "116"]
[EventDate "2019.06.04"]
[EventType "tourn"]
[EventRounds "9"]
[EventCountry "NOR"]
[EventCategory "22"]
[SourceTitle "CBM 191"]
[Source "ChessBase"]
[SourceDate "2019.08.31"]
[SourceVersion "1"]
[SourceVersionDate "2019.08.31"]
[SourceQuality "1"]

1. d4 Nf6 2. c4 e6 3. Nf3 d5 4. Nc3 dxc4 {Compared to other QGD positions, the
Vienna has been a rather rare guest in supertournaments lately.} 5. e4 Bb4 6.
Bg5 c5 7. Bxc4 cxd4 8. Nxd4 Bxc3+ 9. bxc3 Qa5 10. Nb5 {An interesting sideline.
} (10. Bd2 {was almost a novelty when the world champion employed it
succesfully against Aronian:} O-O 11. Qe2 e5 12. Nb3 Qc7 {with a complex
struggle in: Carlsen,M (2845)-Aronian,L (2763) Karlsruhe/Baden Baden GER 2019,
1-0 (38).}) (10. Bb5+ {it is the most common move with many forced variations
to follow.}) 10... Nxe4 11. Qd4 O-O 12. Qxe4 a6 13. O-O (13. Bd3 f5 14. Qe2
axb5 15. O-O {is a more usual move order.}) 13... axb5 14. Bd3 f5 15. Qe2 Nc6 (
15... Bd7 {was also played quite often.}) 16. Bd2 Qc7 {The first new move of
the game.} (16... e5 17. Bxb5 Be6 18. a4 Qc7) 17. Bxb5 f4 {An interesting move,
playing against White's dark-squared bishop while also preparing to enhance
his own bishop's scope. However, it implies a strategic risk by handing White
the e4 square.} (17... e5 {was a more conservative approach with the idea} 18.
f3 Be6 19. Rfe1 (19. a4 Na5 $13 {[%cal Ga5b3]}) 19... e4 $1) 18. f3 {Obviously
White cannot allow f4-f3.} e5 19. Rfe1 Bd7 20. a4 $1 {We can say that the
World Champion got the position he wanted from the opening: not so much to
begin with, but plenty of play left to outplay his impressive opponent.} (20.
Bxc6 {would most likely have called it a day even with Carlsen's fantastic
technical abilities:} Bxc6 21. Qxe5 Qf7 $1 {The most precise as Black's queen
will be more useful than White's.} (21... Qxe5 {is also possible:} 22. Rxe5
Rad8 {Black also has good drawing chances in view of White's split queenside
pawns and the drawing tendencies of the opposite coloured bishops.}) 22. Qe6
Rad8 23. Qxf7+ Rxf7 24. Re2 g5 $44) 20... Kh8 21. Rad1 (21. Bxc6 Bxc6 22. Qxe5
Qxe5 23. Rxe5 Rxa4 24. Rxa4 Bxa4 {would not give many winning chances as the
only way to get f4 would be via a rook swap:} 25. Re4 (25. h4 Bc6 26. Rc5 h6
$11 {[%cal Gg7g5]}) 25... Bc6 26. Rxf4 Rxf4 27. Bxf4 Kg8 {with a trivial draw.}
) 21... Rae8 (21... h6 {to defend against back rank threats was safer for
Black:} 22. Bc1 Bf5 23. Ba3 Rf6 $13) 22. Bc1 {Now it is not that easy to find
a good plan for Black.} e4 {Here this thematic idea doesn't achieve its aim as
the game is too open.} 23. fxe4 Ne5 24. Bxd7 Nxd7 25. Rf1 $1 {White shows that
also f4 can be a weakness.} Nc5 26. Ba3 $1 {The point of the World Champion's
idea.} Rxe4 27. Qb5 $6 {A very natural move but it allows Black to escape to
an easily drawn endgame.} (27. Qh5 $1 {would give good winning chances:} Re5 (
27... b6 28. a5 $16) 28. Rxf4 Rg8 (28... Rfe8 29. Rdf1 $1 {White needed to see
this in advance.} Kg8 30. Qg4 $16) 29. Qf3 (29. Rf7 Rxh5 30. Rxc7 Nxa4 31. c4
b5 (31... b6 32. Rd5 $16 {again puts Black in trouble.}) 32. Rd5 $16) 29... Ne6
30. Bd6 Qb6+ 31. Qf2 Qb3 32. Bxe5 Qxd1+ 33. Qf1 Qd5 34. Rf5 $16) 27... Re5 28.
Rde1 (28. Bxc5 Qxc5+ $1 (28... Rxc5 29. Rxf4 Rg8 30. Rf7 $1 Rxb5 (30... Qxf7
31. Qxc5 {With queens on Black is in trouble.}) 31. Rxc7 $16 {A different
version as White's rooks are now very active.}) 29. Qxc5 Rxc5 30. Rxf4 Kg8 31.
Rb4 (31. Rxf8+ Kxf8 {is very similar to the game.}) 31... Rxc3 32. Rxb7 h6 {
Thanks to his very active rooks Black shouldn't have much trouble drawing.})
28... Rc8 29. Rxe5 Qxe5 30. Bxc5 Qxc5+ 31. Qxc5 Rxc5 32. Rxf4 h6 33. Rf3 (33.
Rb4 Rxc3 34. Rxb7 Ra3 {would also be trivial for Black.}) 33... Kg8 {Anand
confidently shows the endgame is an easy draw.} 34. Rd3 Ra5 35. Rd7 Rxa4 36.
Rxb7 Ra2 37. h4 Kh7 38. Kh2 Rd2 39. Rc7 Kg6 40. Kg3 (40. Kh3 {would not change
much, for example} h5 41. Kg3 Kf6 42. Kf3 g6 43. g3 Rd3+ 44. Kf4 Ke6 {and
White can hardly make any progress.}) 40... Kh5 41. Rc5+ g5 42. Kh3 Rd3+ 43. g3
Re3 44. Kg2 Rd3 45. Rc4 Re3 46. hxg5 hxg5 47. Kh3 Rd3 48. Rc8 g4+ 49. Kg2 Rd2+
50. Kf1 Rc2 51. c4 Kg5 52. c5 Kf6 53. c6 Ke7 54. c7 Kd6 55. Rd8+ Kxc7 56. Rd4
Kc6 57. Kg1 Kc5 58. Rxg4 Kd5 {The longest game of the first round that
probably left the World Champion thinking he could have achieved more.} 1/2-1/2

[Event "Norway Chess 7th"]
[Site "Stavanger"]
[Date "2019.06.05"]
[Round "2"]
[White "Aronian, Levon"]
[Black "Carlsen, Magnus"]
[Result "1/2-1/2"]
[WhiteElo "2752"]
[BlackElo "2875"]
[Annotator "Lupulescu,C"]
[PlyCount "136"]
[EventDate "2019.06.04"]
[EventType "tourn"]
[EventRounds "9"]
[EventCountry "NOR"]
[EventCategory "22"]
[SourceTitle "CBM 191"]
[Source "ChessBase"]
[SourceDate "2019.08.31"]
[SourceVersion "1"]
[SourceVersionDate "2019.08.31"]
[SourceQuality "1"]

1. e4 c5 2. Nf3 Nc6 {when faced with this move against the same opponent in a
blitz game in 2018 Aronian chose 3.Nc3} 3. Bb5 g6 4. Bxc6 dxc6 {Carlsen has
had quite an extensive experience in this positions from his match with Caruana
} 5. d3 Qc7 {Black's idea is to play a quick e5 and then perhaps Nf6-h5 to
prevent in advance f4 ideas. Compared to the previous game where he chose 6...
Qc7, he keeps his B on f8 to protect c5} (5... Bg7 6. O-O Qc7 {was the similar
idea played in the World Championship match} 7. Re1 e5 8. a3 Nf6 9. b4 O-O 10.
Nbd2 Bg4 11. h3 Bxf3 12. Nxf3 cxb4 13. axb4 a5 14. bxa5 Rxa5 15. Bd2 (15. Rxa5
Qxa5 16. Bd2 {was at least interesting}) 15... Raa8 16. Qb1 Nd7 17. Qb4 Rfe8
18. Bc3 b5 $11 {1/2-1/2 (49) Caruana,F (2832)-Carlsen,M (2835) London 2018}) 6.
O-O e5 7. Be3 Nf6 8. Qe1 $5 {practically a novelty. White's idea is the
typical Qc3 putting some pressure on e5.} (8. Nbd2 $6 Ng4 {White has to give
up his pride and joy}) (8. h3 {was possible as well}) 8... Bg4 {of course
Carlsen doesn't allow his opponent to execute his idea} (8... Be7 $143 9. Qc3
Nd7 10. a4 {[%cal Gb1d2] White has a harmonious position}) 9. Nbd2 Nh5 $1 {
a strong move that is keeping an eye of f4 breaks while also preparing f6} (
9... Be7 $6 10. h3 Bxf3 (10... Be6 11. Ng5 $16) 11. Nxf3 O-O 12. Nh2) 10. a3 (
10. h3 Be6 11. Ng5 Bd7) 10... Be7 $2 ({a move like} 10... f6 $1 {to
consolidate e5 was needed for exemple} 11. Qb1 (11. h3 Be6 12. Qe2 {does not
make a lot of use of 8.Qe1}) 11... a5 12. b4 cxb4 13. axb4 Bxb4 14. Qb3 (14.
Qxb4 {it's interesting but doesn't give White more than compensation} axb4 15.
Rxa8+ Bc8 16. Nc4 Kf7 17. Bc5 Kg7 $15 {Black's K is quite safe}) 14... Qc8 $13
{[%cal Gg4e6]}) 11. Qb1 $1 {not only original but also very strong. Now Black
cannot stop the thematic b4 and he faces serious problems} (11. Rb1 a5 {
goes nowhere}) 11... Nf4 {Black is also trying to get some counterplay} ({
we can see White idea after} 11... a5 12. b4 axb4 (12... cxb4 13. axb4 a4 14.
Qb2 f6 15. d4 $16) 13. axb4 Rxa1 14. Qxa1 cxb4 15. Nxe5 Bf6 16. Bd4 $16) 12. b4
Ne2+ (12... b6 13. bxc5 bxc5 {the engine claims just a small edge but I am
pretty sure nobody would really enjoy his time as Black in this position.
However, it was probably the lesser evil as Black's activity after 12...Ne2
will not amount to much}) 13. Kh1 Nd4 14. Ng1 $1 {Also introducing c3 ideas
and the N cannot go back to e6} (14. bxc5 Nxf3 15. Nxf3 Bxf3 16. gxf3 {was
also possible but it is understandable that Aronian didn't want to spoil the
pawn strucuture around his K}) 14... g5 {since his strategical position is
compromised Black needs to try something} (14... cxb4 15. axb4 g5 {preventing
f4} (15... O-O 16. f4 $36) 16. c3 Ne6 {would for exemple keep the material
equal but Black is still facing a difficult struggle} 17. Nc4 b5 (17... O-O 18.
Bxa7 {is already possible} b5 19. Bb6 Rxa1 20. Qxa1 Qb8 21. Ne3 Bh5 22. Qa6 $16
) 18. Na5 $16) 15. bxc5 Bxc5 16. Bxg5 {White needs to accept the gift one way
or the other. However it's not at all clear how Black will take advantage of
the opening of the g file} Rg8 17. Bh4 Be7 18. Bg3 (18. Bxe7 Qxe7 19. f3 Be6 (
19... Bh5 20. Nb3 Qg5 21. Rf2 Qe3 22. Nh3 {Black's attack ends here}) 20. c3
$16 {also looked grim for Black}) 18... O-O-O {Black needs also a shelter for
his K} 19. Nc4 f6 20. a4 (20. f4 Be6 21. fxe5 Rxg3 {even though White would
still be close to winning, it would create some unnecessary mess}) 20... Ne6 (
20... h5 {was perhaps worth a try to muddy the waters a little for exemple} 21.
f3 Be6 22. c3 Bxc4 23. cxd4 Ba6 {and at least Black has some active play}) 21.
f3 Bh5 22. Bf2 {now, after all the dust has settled, White is a clear pawn up
with easier play} Bc5 (22... Kb8 23. a5 {doesn't make Black's life any easier})
23. Bxc5 Nxc5 24. Ne2 {getting the second N back into play} Bf7 25. Ne3 Qa5 (
25... h5 26. a5 h4 {is not doing much after} 27. h3 {White's two N around his
K assure him against any attacking Black options}) 26. Qe1 Qxe1 {the Q swap
was the only chance for Black to create some resemblance of counterplay on the
queenside} 27. Rfxe1 a5 28. Kg1 {White continues the logical play activating
his K} h5 29. h4 {White could allow the pawn to get to h4 but it is more
logical to block in on a light square} Kc7 30. Kf2 Be6 {now White makes a few
passing moves with the R before returning to the right plan of the d4 break}
31. Rg1 Rh8 32. Rh1 Rd7 33. Rhd1 Bf7 (33... Rhd8 34. Ng3 Bf7 {it was an idea
to make it harder for White to achieve the central break although it would
still be a rather desperate fight} 35. Ngf5 Ne6 36. Rdb1 {now White can play
at his leisure combining play on the queenside with a g4 break at the right
moment}) 34. d4 exd4 35. Rxd4 Rxd4 36. Nxd4 Rd8 37. Ne2 {a good regrouping} (
37. Nef5 Bg6 38. Ke3 {was also nice for White}) 37... Rd2 38. Ke1 Rd8 39. Nf5
Ra8 {Black tries to activate his R via a6, b6} 40. Nc3 Be6 41. Ne3 Kd6 {
Black take his K closer to the kingside to be better place against g4 ideas} (
41... Ra6 {doesn't achieve its aim} 42. Kf2 Rb6 43. Rh1 $1 $18 {[%cal Gg2g4]
the White Knights are doing a very good job protecting White's weaknesses and
now g4 become unstoppable} (43. g4 hxg4 44. fxg4 Rb4 45. Kf3 Bg8 {would give
Black some chances})) 42. Rd1+ Ke7 43. Rd4 {White has centralised his pieces
and is ready for the winning Nf5 following by g4} Ra6 44. Kd2 Rb6 45. Nf5+ {
this is also winning} (45. Rd5 $1 {would finish off the world champion in style
} cxd5 46. Nexd5+) 45... Bxf5 46. exf5 Rb2 47. Rc4 Kd6 48. Ne4+ {here it is, I
believe, where things started to go wrong for Aronian. Objectively 48.Ne4 was
the best choice. However, playing with such a demanding time control, it feels
like he invested too much of his remaining time on this move} (48. g4 {was
also a valid choice} b5 (48... Rb4 49. Rxb4 axb4 50. Na2 Nxa4 51. Nxb4 {
also White looks totally winning}) 49. axb5 cxb5 50. Rd4+ Ke7 51. Rd5 $18)
48... Nxe4+ 49. Rxe4 Ra2 50. g4 hxg4 51. fxg4 Kd5 52. Kd3 Ra3+ 53. c3 b5 54. h5
$2 {left with just a few minutes on the clock White goes wrong} (54. g5 b4 55.
Rg4 $1 b3 56. g6 Ra1 57. g7 {perhaps Aronian forgot he would be queening with
check?!}) 54... b4 $2 {very tempting but giving White chances again} (54... Ra1
55. axb5 cxb5 56. Re6 (56. Re8 Rd1+ 57. Ke2 Rh1 58. Kf3 a4 {Black has enough
activity to draw}) 56... Rg1 57. Rxf6 Rxg4 58. Rb6 Rg3+ 59. Kd2 b4 60. cxb4
axb4 61. f6 Ra3 62. Ke2 Ra7 63. Kf3 Kc5 $8 64. Re6 b3 65. Kg4 b2 66. Re1 Kd5 (
66... Ra1 $2 67. f7 $18) 67. Rb1 Ke6 {was not such a trivial draw}) 55. Rd4+
Ke5 56. Rc4 Rxa4 (56... b3 57. Re4+ Kd6 58. h6 Ra1 59. Re2 Rh1 60. Kc4 Rxh6 61.
Re6+ Kc7 62. Kxb3 {would be very difficult for Black}) 57. h6 $6 {White misses
his last winning chance} (57. Re4+ $1 Kd5 58. g5 Ra3 (58... fxg5 59. f6 $18)
59. Re3 $3 $18 {would be not that easy to find even with time on the clock} (
59. gxf6 $4 Rxc3+ 60. Kd2 Kxe4 61. f7 Rd3+ 62. Kc2 Rd8 {would end tragic for
White})) 57... Ra1 58. cxb4 (58. Re4+ $1 {was the last practical chance that
would still be a draw if both players found amazing resources} Kd5 59. g5 b3 (
59... fxg5 60. c4+ Kd6 61. f6 $18) 60. Re2 fxg5 61. c4+ Kd6 62. c5+ Kd5 63. f6
b2 64. Rxb2 Ke6 65. Rb6 Kxf6 66. Rxc6+ Kf5 (66... Ke5 $2 {allows White to push
his h pawn to the 7th rank} 67. Rg6 Kf5 68. h7 Rh1 69. Rg7 $18) 67. Rd6 Rh1 68.
Kd2 Rh2+ 69. Kc3 Ke5 (69... Rh1 $2 70. Kb3 Rh4 71. c6 $18) 70. Kb3 Rh4 71. Rg6
Kf5 72. c6 Kxg6 73. c7 Rxh6 (73... Rh3+ 74. Kc2 Rh2+ $11) 74. c8=Q Rh4 $1 {
would still be a draw}) 58... axb4 59. Rxc6 {now is very easy for Black} (59.
Re4+ Kd5 60. g5 fxg5 61. f6 $4 Ra3+ $19 {is where we see the difference with
58.cb4 included}) 59... Ra3+ 60. Kc4 Rc3+ 61. Kb5 Rh3 62. Kxb4 Rxh6 63. Kc5 Rh1
64. Re6+ Kf4 65. Rxf6 Kxg4 66. Kd6 Kg5 67. Ke7 Ra1 68. Rf8 Ra7+ {After
Aronian's brilliant 11.Qb1! the World champion looked in very big danger. To
say he managed a miraculous escape it would probably be a small understatement.
} 1/2-1/2